Biggest lost and gained cities by Poland after WW2 - Statistics

General Stats
  • This quiz has been taken 1,587 times
  • The average score is 5 of 12
Answer Stats
Population City % Correct
470 907 Gdańsk
88%
642 869 Wrocław
73%
724 713 Lviv
70%
402 100 Szczecin
64%
545 280 Vilnius
55%
347 576 Brest
48%
370 919 Grodno
30%
173 125 Olsztyn
19%
181 309 Gliwice
16%
251 529 Ivano-Frankivsk
16%
248 307 Rivne
11%
174 349 Zabrze
11%
No matching quizzes found
Score Distribution
Percent of People with Each Score
Percentile by Number Answered
Your Score History
You have not taken this quiz